[Event "Milton Keynes op"]
[Site "Milton Keynes"]
[Date "2025.06.08"]
[Round "5"]
[White "Avinash, Vaidyanathan"]
[Black "Gordon, Sean"]
[Result "1/2-1/2"]
[WhiteElo "1855"]
[BlackElo "1970"]
[PlyCount "38"]
[EventDate "2025.06.07"]
[EventType "swiss"]
[EventRounds "5"]
[EventCountry "ENG"]
[SourceTitle "CB24_2025"]
[SourceDate "2025.06.11"]
[SourceVersion "1"]
[SourceVersionDate "2025.06.11"]
[SourceQuality "1"]

1. e4 c5 2. Nf3 d6 3. d4 cxd4 4. Nxd4 Nf6 5. Nc3 Nc6 6. Be2 e5 7. Nb3 Be7 8. Bg5 Nxe4 9. Nxe4 Bxg5 10. Nxd6+ Ke7 11. Nxc8+ Rxc8 12. c3 Qxd1+ 13. Rxd1 Rhd8 14. 0-0 f5 15. Bb5 Rxd1 16. Rxd1 Rd8 17. Rxd8 Nxd8 18. Kf1 b6 19. Ke2 g6 1/2-1/2

[Event "Milton Keynes op"]
[Site "Milton Keynes"]
[Date "2025.06.07"]
[Round "2"]
[White "Hebden, Mark"]
[Black "Gordon, Sean"]
[Result "1-0"]
[WhiteElo "2352"]
[BlackElo "1970"]
[PlyCount "93"]
[EventDate "2025.06.07"]
[EventType "swiss"]
[EventRounds "5"]
[EventCountry "ENG"]
[SourceTitle "CB24_2025"]
[SourceDate "2025.06.11"]
[SourceVersion "1"]
[SourceVersionDate "2025.06.11"]
[SourceQuality "1"]

1. d4 d5 2. c4 c6 3. Nf3 Nf6 4. e3 Bg4 5. h3 Bxf3 6. Qxf3 e6 7. Nc3 Bb4 8. Bd3 Nbd7 9. Bd2 0-0 10. a3 Be7 11. 0-0 a6 12. Rfd1 b5 13. cxd5 cxd5 14. e4 dxe4 15. Nxe4 Nd5 16. Rac1 Qb6 17. Be3 Nxe3 18. fxe3 e5 19. Qf5 Qe6 20. Qxe6 fxe6 21. Nc5 Bxc5 22. dxc5 Nf6 23. Bb1 Rfd8 24. Ba2 Kf7 25. Rxd8 Rxd8 26. c6 Ne8 27. c7 Rc8 28. Rc6 Rxc7 29. Rxa6 Rc2 30. Bxe6+ Ke7 31. Bf5 Rxb2 32. Bxh7 Re2 33. Bd3 Rb2 34. Bf5 Nd6 35. e4 Nc4 36. h4 Ra2 37. Ra7+ Kf6 38. g4 g5 39. Ra6+ Ke7 40. hxg5 Rxa3 41. Re6+ Kf8 42. Rh6 Ra1+ 43. Kf2 Ra2+ 44. Kg3 Ra3+ 45. Kh4 Ne3 46. g6 Kg7 47. Rh7+ 1-0

[Event "Daventry 4NCL Easter op"]
[Site "Daventry"]
[Date "2025.04.20"]
[Round "4"]
[White "Gordon, Sean"]
[Black "Deighan, Matthew J"]
[Result "1-0"]
[WhiteElo "1963"]
[BlackElo "1811"]
[PlyCount "41"]
[EventDate "2025.04.18"]
[EventType "swiss"]
[EventRounds "7"]
[EventCountry "ENG"]
[SourceTitle "CB17_2025"]
[SourceDate "2025.04.23"]
[SourceVersion "1"]
[SourceVersionDate "2025.04.23"]
[SourceQuality "1"]

1. Nf3 Nf6 2. c4 g6 3. Nc3 Bg7 4. e4 d6 5. d4 0-0 6. Be2 e5 7. Be3 Nc6 8. d5 Ne7 9. Nd2 a5 10. a3 Ne8 11. b4 f5 12. f3 f4 13. Bf2 g5 14. c5 Nf6 15. bxa5 Rxa5 16. cxd6 cxd6 17. Nc4 Ra6 18. Qb3 g4 19. Bb6 Qd7 20. Na5 Ra8 21. Bb5 1-0

[Event "Daventry 4NCL Easter op"]
[Site "Daventry"]
[Date "2025.04.20"]
[Round "5"]
[White "Gordon, Sean"]
[Black "Dilley, Jason M"]
[Result "1-0"]
[WhiteElo "1963"]
[BlackElo "2005"]
[PlyCount "93"]
[EventDate "2025.04.18"]
[EventType "swiss"]
[EventRounds "7"]
[EventCountry "ENG"]
[SourceTitle "CB17_2025"]
[SourceDate "2025.04.23"]
[SourceVersion "1"]
[SourceVersionDate "2025.04.23"]
[SourceQuality "1"]

1. e4 d6 2. d4 Nf6 3. Nc3 c6 4. Be3 Qc7 5. f4 e5 6. h3 Nbd7 7. Nf3 Be7 8. Qd2 exd4 9. Nxd4 Nc5 10. Bd3 Bd7 11. 0-0 0-0 12. Nf3 Nxd3 13. cxd3 b5 14. Rac1 Qb7 15. f5 b4 16. Ne2 c5 17. e5 dxe5 18. Nxe5 Qd5 19. Nxd7 Nxd7 20. d4 c4 21. Nf4 Qxf5 22. Rxc4 Nb6 23. Rc6 Qe4 24. Rc2 Rfe8 25. Ne2 Bf6 26. Bf2 Nd5 27. Re1 Qf5 28. Rc5 Rad8 29. Ng3 Rxe1+ 30. Qxe1 Qd7 31. Qe4 Nb6 32. Ne2 Re8 33. Qf3 Qe6 34. Nf4 Qxa2 35. Nh5 Qb1+ 36. Kh2 Be7 37. Rf5 g6 38. Nf6+ Bxf6 39. Rxf6 Qa2 40. Bg3 Qd5 41. Qf2 Nc4 42. b3 Ne3 43. Be5 Nd1 44. Qf4 Nc3 45. Rd6 Qe4 46. Qf6 Rxe5 47. dxe5 1-0

[Event "Witney op 11th"]
[Site "Witney"]
[Date "2024.11.02"]
[Round "2"]
[White "Gordon, Sean"]
[Black "Karangad, Mohit Kamal"]
[Result "1-0"]
[WhiteElo "2019"]
[BlackElo "1907"]
[PlyCount "89"]
[EventDate "2024.11.02"]
[EventType "swiss"]
[EventRounds "5"]
[EventCountry "ENG"]
[SourceTitle "CB45_2024"]
[Source "ChessBase"]
[SourceDate "2024.11.06"]
[SourceVersion "1"]
[SourceVersionDate "2024.11.06"]
[SourceQuality "1"]

1. Nf3 c5 2. g3 g6 3. Bg2 Nc6 4. c4 d6 5. Nc3 Bg7 6. 0-0 e5 7. a3 a5 8. Ne1 Be6 9. d3 Nge7 10. Bg5 f6 11. Bd2 0-0 12. Nd5 Bf7 13. e4 Nxd5 14. exd5 Nd4 15. Nc2 Nb3 16. Rb1 a4 17. Bc3 f5 18. Na1 Qb6 19. Nxb3 axb3 20. Qd2 f4 21. Be4 Be8 22. f3 Bd7 23. g4 Bf6 24. Qf2 Qd8 25. Be1 Kg7 26. h4 g5 27. h5 h6 28. Qe2 b5 29. Bg6 Qc8 30. Qe4 Bd8 31. Kh1 Rf6 32. Qe2 Ba5 33. Be4 Bxe1 34. Rfxe1 Ra4 35. Rbc1 Be8 36. d4 cxd4 37. cxb5 Qb7 38. Rc6 Ra5 39. Bd3 Bxc6 40. dxc6 Qb6 41. Qe4 Kf8 42. Qh7 Ra7 43. Qh8+ Ke7 44. Bg6 Re6 45. Qe8+ 1-0

[Event "BCF-ch PM U2050 op"]
[Site "Hull"]
[Date "2024.08.03"]
[Round "6"]
[White "Gordon, Sean"]
[Black "Coates, David H"]
[Result "1/2-1/2"]
[WhiteElo "1941"]
[BlackElo "1990"]
[PlyCount "105"]
[EventDate "2024.07.29"]
[EventType "swiss"]
[EventRounds "6"]
[EventCountry "ENG"]
[SourceTitle "CBM 221 Extra"]
[Source "ChessBase"]
[SourceDate "2024.09.30"]
[SourceVersion "1"]
[SourceVersionDate "2024.09.30"]
[SourceQuality "1"]

1. Nf3 Nf6 2. c4 g6 3. Nc3 Bg7 4. e4 d6 5. d4 0-0 6. Be2 e5 7. Be3 Na6 8. 0-0 Ng4 9. Bg5 Qe8 10. dxe5 dxe5 11. Rb1 h6 12. Bc1 Be6 13. b4 Qe7 14. c5 Rfd8 15. Qc2 Nb8 16. h3 Nf6 17. Be3 Nc6 18. Rfd1 Rxd1+ 19. Rxd1 Rd8 20. a3 a6 21. Rd2 Rd7 22. Qd1 Qd8 23. Rxd7 Qxd7 24. Qxd7 Bxd7 25. Bc4 Kf8 26. Kf1 Ne8 27. Ke2 Nd8 28. Nd2 c6 29. Na4 Nc7 30. Nb6 Be6 31. Kd3 Ke7 32. f3 Bxc4+ 33. Ndxc4 Nce6 34. Na5 Nc7 35. a4 Ke6 36. Nbc4 Ne8 37. g4 g5 38. Bd2 f6 39. Ne3 Bf8 40. Nf5 Kd7 41. Nc4 Ne6 42. Be3 Kc7 43. h4 Kd7 44. h5 Kc7 45. a5 Kd7 46. Kc3 Kc7 47. Nd2 Kd7 48. Nf1 Kc7 49. N1g3 Nd8 50. Kc4 Kd7 51. Nh1 Nf7 52. Nf2 Nc7 53. Nd3 1/2-1/2

[Event "BCF-ch AM op"]
[Site "Hull"]
[Date "2024.07.30"]
[Round "2"]
[White "Agarwal, Anay1"]
[Black "Gordon, Sean"]
[Result "0-1"]
[WhiteElo "1801"]
[BlackElo "1941"]
[PlyCount "86"]
[EventDate "2024.07.29"]
[EventType "swiss"]
[EventRounds "6"]
[EventCountry "ENG"]
[SourceTitle "CBM 221 Extra"]
[Source "ChessBase"]
[SourceDate "2024.09.30"]
[SourceVersion "1"]
[SourceVersionDate "2024.09.30"]
[SourceQuality "1"]

1. e4 c5 2. c3 Nf6 3. e5 Nd5 4. d4 cxd4 5. Nf3 Nc6 6. cxd4 d6 7. Be2 e6 8. 0-0 Be7 9. Nc3 dxe5 10. dxe5 Nxc3 11. Qxd8+ Bxd8 12. bxc3 Bc7 13. Bb5 Bd7 14. Bxc6 Bxc6 15. Re1 Bxf3 16. gxf3 0-0-0 17. Bf4 Rd3 18. Re3 Rhd8 19. Rc1 Rd1+ 20. Re1 Rxe1+ 21. Rxe1 Rd3 22. Re3 Rd2 23. Re4 Rxa2 24. Rc4 Ra1+ 25. Kg2 Rd1 26. Be3 a6 27. Bd4 b5 28. Rb4 Kb7 29. f4 Rd3 30. Kf1 Kc6 31. Rb3 Rd2 32. Ra3 a5 33. Ke1 Rd3 34. Kf1 Kd5 35. Ke2 Kc4 36. f3 a4 37. Ra2 Ba5 38. Rd2 Rxd2+ 39. Kxd2 Kb3 40. Kc1 Bxc3 41. Bc5 b4 42. Bf8 a3 43. Bxg7 a2 0-1

[Event "BCF-ch AM op"]
[Site "Hull"]
[Date "2024.07.29"]
[Round "1"]
[White "Gordon, Sean"]
[Black "Mize, Dylan"]
[Result "0-1"]
[WhiteElo "1941"]
[BlackElo "1824"]
[PlyCount "136"]
[EventDate "2024.07.29"]
[EventType "swiss"]
[EventRounds "6"]
[EventCountry "ENG"]
[SourceTitle "CBM 221 Extra"]
[Source "ChessBase"]
[SourceDate "2024.09.30"]
[SourceVersion "1"]
[SourceVersionDate "2024.09.30"]
[SourceQuality "1"]

1. e4 c6 2. Nf3 d5 3. d3 g6 4. Be2 Bg7 5. c3 Bg4 6. Qa4 e6 7. 0-0 Ne7 8. Bg5 0-0 9. exd5 Bxf3 10. Bxf3 cxd5 11. Nd2 Qc7 12. Bxe7 Qxe7 13. Rfe1 Qd7 14. Qxd7 Nxd7 15. a4 a5 16. d4 Rfc8 17. Be2 Nf6 18. Bd3 Ne8 19. Ra3 Rc7 20. g3 Bf8 21. Rb3 Nd6 22. Kg2 Rb8 23. Re2 b6 24. f4 Rcb7 25. Bb5 Nxb5 26. Rxb5 Rc8 27. Kf3 Rc6 28. h4 h5 29. Ke3 Be7 30. Kd3 Rbc7 31. Nb1 Bf6 32. b3 Kg7 33. Rc2 Be7 34. Nd2 Bd6 35. Nf1 Bb4 36. c4 dxc4+ 37. bxc4 Rd7 38. d5 exd5 39. Rxd5 Re7 40. Nd2 Bxd2 41. Kxd2 Rec7 42. Kd3 Kf6 43. Kd4 Re7 44. c5 Re1 45. Kc4 Re4+ 46. Kb5 Rxc5+ 47. Rdxc5 Rb4+ 48. Ka6 bxc5 49. Kxa5 Rb3 50. Rxc5 Rxg3 51. Kb6 Rb3+ 52. Rb5 Rf3 53. Rb4 Kf5 54. a5 Kg4 55. Ra4 Kxh4 56. Kc7 Re3 57. Kd7 Rb3 58. a6 Rb8 59. Ke7 f5 60. Kf6 Kg4 61. Kxg6 h4 62. a7 Ra8 63. Ra5 h3 64. Ra2 Kxf4 65. Kf6 Kg4 66. Ke5 f4 67. Ke4 f3 68. Ke3 Kg3 0-1

[Event "BCF-ch PM U2050 op"]
[Site "Hull"]
[Date "2024.07.29"]
[Round "1"]
[White "O'Hanlon, Joe"]
[Black "Gordon, Sean"]
[Result "0-1"]
[WhiteElo "1731"]
[BlackElo "1941"]
[PlyCount "78"]
[EventDate "2024.07.29"]
[EventType "swiss"]
[EventRounds "6"]
[EventCountry "ENG"]
[SourceTitle "CBM 221 Extra"]
[Source "ChessBase"]
[SourceDate "2024.09.30"]
[SourceVersion "1"]
[SourceVersionDate "2024.09.30"]
[SourceQuality "1"]

1. d4 d5 2. Bf4 c5 3. e3 Nc6 4. Nf3 Nf6 5. Nc3 Bg4 6. Be2 e6 7. h3 Bh5 8. 0-0 Be7 9. Re1 0-0 10. Ne5 Bxe2 11. Qxe2 cxd4 12. Nxc6 bxc6 13. exd4 Qb6 14. Qd3 Nd7 15. Rab1 Bf6 16. Be3 a5 17. Ne2 c5 18. c3 cxd4 19. Bxd4 Bxd4 20. Qxd4 Rfb8 21. Qxb6 Rxb6 22. Nd4 Rab8 23. Re2 Nc5 24. b3 g6 25. Rbe1 a4 26. b4 Nb7 27. f3 Rc8 28. Re3 Nd6 29. g4 Nc4 30. Rd3 Nb2 31. Rde3 a3 32. Kf1 Na4 33. Rc1 Rxb4 34. cxb4 Rxc1+ 35. Kf2 Rc4 36. Rxa3 Rxb4 37. Ke3 Nb2 38. Rb3 Nc4+ 39. Ke2 Ra4 0-1

[Event "BCF-ch Atkins op"]
[Site "Hull"]
[Date "2024.07.28"]
[Round "4"]
[White "Latypova, Olga L"]
[Black "Gordon, Sean"]
[Result "1/2-1/2"]
[WhiteElo "1901"]
[BlackElo "1941"]
[PlyCount "58"]
[EventDate "2024.07.26"]
[EventType "swiss"]
[EventRounds "5"]
[EventCountry "ENG"]
[SourceTitle "CBM 221 Extra"]
[Source "ChessBase"]
[SourceDate "2024.09.30"]
[SourceVersion "1"]
[SourceVersionDate "2024.09.30"]
[SourceQuality "1"]

1. e4 e5 2. Nf3 Nc6 3. Bc4 Bc5 4. c3 Nf6 5. d3 d6 6. a4 a5 7. 0-0 0-0 8. Nbd2 h6 9. Bb3 Be6 10. Bc2 Ba7 11. h3 Ne7 12. Re1 Ng6 13. d4 Re8 14. Nf1 c6 15. Ng3 Qd7 16. Nf5 exd4 17. N3xd4 d5 18. Nxe6 Qxe6 19. Be3 Bxe3 20. Rxe3 Nxe4 21. Ng3 Qf6 22. Bxe4 dxe4 23. Nxe4 Qf4 24. Qe1 Red8 25. Rd1 Qc7 26. Ng3 Rxd1 27. Qxd1 Rd8 28. Qe1 Qd7 29. Ne4 b6 1/2-1/2

[Event "BCF-ch Atkins op"]
[Site "Hull"]
[Date "2024.07.27"]
[Round "3"]
[White "Gordon, Sean"]
[Black "Faulkner, Martin J"]
[Result "1-0"]
[WhiteElo "1941"]
[BlackElo "1803"]
[PlyCount "125"]
[EventDate "2024.07.26"]
[EventType "swiss"]
[EventRounds "5"]
[EventCountry "ENG"]
[SourceTitle "CBM 221 Extra"]
[Source "ChessBase"]
[SourceDate "2024.09.30"]
[SourceVersion "1"]
[SourceVersionDate "2024.09.30"]
[SourceQuality "1"]

1. Nf3 Nf6 2. c4 e6 3. g3 d5 4. Bg2 Nbd7 5. cxd5 exd5 6. 0-0 Bd6 7. Nc3 c6 8. d3 0-0 9. e4 Re8 10. Nd4 dxe4 11. dxe4 Ne5 12. h3 Bb4 13. Nce2 Bc5 14. Nb3 Bb6 15. Qc2 Qe7 16. Kh2 Ng6 17. Bg5 Ng4+ 18. hxg4 Qxg5 19. f3 h5 20. Qc1 Be3 21. f4 Bxc1 22. fxg5 Bxg5 23. gxh5 Ne5 24. Ned4 Ng4+ 25. Kh1 Nf6 26. Rae1 Nxh5 27. Kh2 Nf6 28. Nf5 Ng4+ 29. Kg1 Bxf5 30. Rxf5 f6 31. Bh3 Ne5 32. Kg2 Rad8 33. Re2 g6 34. Rf1 Nc4 35. Rf3 Kg7 36. Nc5 Rd2 37. Rff2 Be3 38. Rxd2 Nxd2 39. Ne6+ Kf7 40. Re2 Bh6 41. Nc5 b6 42. Nd7 Nxe4 43. Nb8 c5 44. Nc6 a5 45. Bd7 f5 46. Bxe8+ Kxe8 47. Ne5 g5 48. Nc4 Kd7 49. Nxb6+ Kc6 50. Nc4 a4 51. g4 Kb5 52. gxf5 Nf6 53. Nd6+ Kb4 54. Re6 Bg7 55. Nf7 Nd5 56. Kf3 Bxb2 57. Nxg5 c4 58. Re2 c3 59. Ne4 Ka3 60. f6 Nxf6 61. Nxf6 Kxa2 62. Ne4 Kb3 63. Nc5+ 1-0

[Event "BCF-ch Atkins op"]
[Site "Hull"]
[Date "2024.07.27"]
[Round "2"]
[White "Pilley, Jack"]
[Black "Gordon, Sean"]
[Result "0-1"]
[WhiteElo "1885"]
[BlackElo "1941"]
[PlyCount "72"]
[EventDate "2024.07.26"]
[EventType "swiss"]
[EventRounds "5"]
[EventCountry "ENG"]
[SourceTitle "CBM 221 Extra"]
[Source "ChessBase"]
[SourceDate "2024.09.30"]
[SourceVersion "1"]
[SourceVersionDate "2024.09.30"]
[SourceQuality "1"]

1. e4 e5 2. Nf3 Nc6 3. Bb5 a6 4. Ba4 Nf6 5. 0-0 Nxe4 6. Re1 Nc5 7. Bxc6 dxc6 8. Nxe5 Be7 9. d4 Ne6 10. c3 0-0 11. Nd2 c5 12. dxc5 Nxc5 13. Nb3 Qxd1 14. Rxd1 Nxb3 15. axb3 Be6 16. Nc4 Bxc4 17. bxc4 Rad8 18. Bf4 Rxd1+ 19. Rxd1 Rd8 20. Rxd8+ Bxd8 21. Kf1 f5 22. Ke2 Kf7 23. Kd3 Ke6 24. f3 h5 25. g3 c6 26. Kd4 Bb6+ 27. c5 Bd8 28. Be5 g5 29. f4 g4 30. Bh8 h4 31. Be5 h3 32. Ke3 Kd5 33. Bd4 Kc4 34. b4 a5 35. bxa5 Bxa5 36. Kd2 Bd8 0-1

[Event "ENG-ch"]
[Site "Kenilworth"]
[Date "2024.06.21"]
[Round "3"]
[White "Gordon, Sean"]
[Black "Zhang, Junyi"]
[Result "0-1"]
[WhiteElo "1964"]
[BlackElo "1962"]
[PlyCount "110"]
[EventDate "2024.06.20"]
[EventType "swiss"]
[EventRounds "7"]
[EventCountry "ENG"]
[SourceTitle "CBM 220 Extra"]
[Source "ChessBase"]
[SourceDate "2024.07.31"]
[SourceVersion "1"]
[SourceVersionDate "2024.07.31"]
[SourceQuality "1"]

1. c4 Nf6 2. Nc3 d5 3. cxd5 Nxd5 4. g3 e6 5. Bg2 c6 6. Nf3 Nd7 7. 0-0 Be7 8. d4 0-0 9. e4 Nxc3 10. bxc3 c5 11. Be3 b6 12. d5 Ba6 13. dxe6 Bxf1 14. exf7+ Rxf7 15. Bxf1 Rf8 16. e5 Qc7 17. Bf4 g5 18. Bxg5 Nxe5 19. Qd5+ Nf7 20. Bc4 b5 21. Bxe7 Qxe7 22. Re1 Qd8 23. Qxd8 Raxd8 24. Bxb5 Nd6 25. Be2 Rde8 26. Kg2 h6 27. a4 Re4 28. Rd1 Rf6 29. Bb5 Nxb5 30. axb5 Rb6 31. Rd8+ Kf7 32. Rd7+ Re7 33. Ne5+ Ke6 34. Rxe7+ Kxe7 35. c4 Ke6 36. f4 a6 37. bxa6 Rxa6 38. Kf3 Ra2 39. Nd3 Kd6 40. h3 Ra3 41. Ke3 Rc3 42. g4 Rxc4 43. h4 Ke6 44. Ne5 Rc1 45. Nd3 Rc2 46. f5+ Kf6 47. Nf4 Rh2 48. Nd5+ Kf7 49. g5 Rxh4 50. gxh6 Rxh6 51. Kf4 Rh1 52. Ke4 Rd1 53. Nc3 Rd8 54. Nd5 c4 55. Ke5 Rxd5+ 0-1

[Event "ENG-ch"]
[Site "Kenilworth"]
[Date "2024.06.20"]
[Round "2"]
[White "Zhu, Pengxiao"]
[Black "Gordon, Sean"]
[Result "1-0"]
[WhiteElo "2033"]
[BlackElo "1964"]
[PlyCount "93"]
[EventDate "2024.06.20"]
[EventType "swiss"]
[EventRounds "7"]
[EventCountry "ENG"]
[SourceTitle "CBM 220 Extra"]
[Source "ChessBase"]
[SourceDate "2024.07.31"]
[SourceVersion "1"]
[SourceVersionDate "2024.07.31"]
[SourceQuality "1"]

1. d4 Nf6 2. c4 g6 3. Nc3 d5 4. cxd5 Nxd5 5. e4 Nxc3 6. bxc3 Bg7 7. Bc4 c5 8. Ne2 0-0 9. 0-0 Nc6 10. Be3 b6 11. Qd2 Bb7 12. f4 Na5 13. Bd3 f5 14. exf5 Qd5 15. Rf2 gxf5 16. Rd1 c4 17. Bc2 Bc6 18. Ng3 e6 19. Nh5 Bh8 20. Rf3 Kf7 21. Rh3 Rg8 22. Ng3 Rg7 23. Qe2 Kg8 24. Rd2 Nb7 25. Qh5 Rf8 26. Bd1 Be8 27. Qh4 Qd7 28. Bf3 Rg6 29. Nh5 Nd6 30. d5 e5 31. fxe5 Bxe5 32. Bd4 Bxd4+ 33. Qxd4 f4 34. Kf2 Rh6 35. Nxf4 Rxh3 36. Nxh3 Qf5 37. Re2 Bg6 38. Ke1 Nb5 39. Qxc4 Qb1+ 40. Kf2 Bd3 41. Qg4+ Kh8 42. Re7 Qf1+ 43. Kg3 Bg6 44. c4 Rg8 45. Ng5 Qa1 46. Rxh7+ Bxh7 47. Nf7# 1-0

[Event "BCF-chT3W 2324 (4NCL)"]
[Site "England"]
[Date "2024.03.09"]
[Round "7.23"]
[White "Michaud, Gerald"]
[Black "Gordon, Sean"]
[Result "1/2-1/2"]
[WhiteElo "1917"]
[BlackElo "1941"]
[PlyCount "83"]
[EventDate "2023.11.18"]
[EventType "team-tourn"]
[EventRounds "11"]
[EventCountry "ENG"]
[SourceTitle "EXT 2025"]
[Source "ChessBase"]
[SourceDate "2024.10.14"]
[SourceVersion "1"]
[SourceVersionDate "2024.10.14"]
[SourceQuality "1"]
[WhiteTeam "Sussex Martlets III"]
[BlackTeam "Brown Jack"]
[WhiteTeamCountry "ENG"]
[BlackTeamCountry "ENG"]

1. d4 d5 2. c4 c6 3. e3 Bf5 4. Nd2 e6 5. Ngf3 Nd7 6. b3 h6 7. Be2 Ngf6 8. 0-0 Bd6 9. Bb2 Qe7 10. Ne5 0-0 11. f4 Ne4 12. c5 Bxe5 13. fxe5 f6 14. b4 fxe5 15. dxe5 a5 16. a3 axb4 17. axb4 Qg5 18. Rf3 Nxd2 19. Qxd2 Be4 20. Rxa8 Rxa8 21. Rg3 Qf5 22. Bg4 Qf7 23. Bd4 Rf8 24. Bf3 Qf5 25. Qb2 Bd3 26. h4 Rf7 27. Rg4 Nf8 28. Rf4 Qg6 29. Rxf7 Qxf7 30. Qa3 Ba6 31. Qa5 Ng6 32. Qd8+ Qf8 33. Qxf8+ Kxf8 34. g3 Ne7 35. e4 Bc4 36. Kf2 Kf7 37. h5 dxe4 38. Bxe4 Nd5 39. Bxd5 exd5 40. Ke3 Ke6 41. Kf4 Be2 42. g4 1/2-1/2

[Event "BCF-chT3W 2324 (4NCL)"]
[Site "England"]
[Date "2023.11.18"]
[Round "1.12"]
[White "Gordon, Sean"]
[Black "Burrows, Martin P"]
[Result "1/2-1/2"]
[WhiteElo "1952"]
[BlackElo "2168"]
[PlyCount "48"]
[EventDate "2023.11.18"]
[EventType "team-tourn"]
[EventRounds "11"]
[EventCountry "ENG"]
[SourceTitle "EXT 2025"]
[Source "ChessBase"]
[SourceDate "2024.10.14"]
[SourceVersion "1"]
[SourceVersionDate "2024.10.14"]
[SourceQuality "1"]
[WhiteTeam "Brown Jack"]
[BlackTeam "The Rookies"]
[WhiteTeamCountry "ENG"]
[BlackTeamCountry "ENG"]

1. Nf3 Nf6 2. g3 d5 3. Bg2 e6 4. 0-0 Be7 5. c4 0-0 6. b3 b6 7. Bb2 c5 8. cxd5 Nxd5 9. d3 Bb7 10. Na3 Nc6 11. Nc4 b5 12. Nce5 Nxe5 13. Nxe5 f6 14. Ng4 e5 15. Qd2 Qb6 16. Ne3 Nxe3 17. Qxe3 Bxg2 18. Kxg2 Rac8 19. Rfc1 Rc7 20. Rc2 Rfc8 21. Rac1 b4 22. Qe4 Kh8 23. h4 Rd8 24. Ba1 Rcd7 1/2-1/2

[Event "Manchester op"]
[Site "Bolton"]
[Date "2023.08.20"]
[Round "4"]
[White "Gordon, Sean"]
[Black "Arkell, Keith C"]
[Result "0-1"]
[WhiteElo "1894"]
[BlackElo "2373"]
[PlyCount "104"]
[EventDate "2023.08.18"]
[EventType "swiss"]
[EventRounds "5"]
[EventCountry "ENG"]
[SourceTitle "CBM 215 Extra"]
[Source "ChessBase"]
[SourceDate "2023.09.30"]
[SourceVersion "1"]
[SourceVersionDate "2023.09.30"]
[SourceQuality "1"]

1. e4 g6 2. d4 Bg7 3. Nc3 c6 4. Nf3 d6 5. Be2 b5 6. a3 a6 7. Be3 Nd7 8. Qd2 Bb7 9. 0-0 c5 10. Rad1 cxd4 11. Bxd4 Ngf6 12. e5 dxe5 13. Nxe5 Nxe5 14. Bxe5 Qxd2 15. Rxd2 0-0 16. Bc7 Rfc8 17. Ba5 Ne4 18. Nxe4 Bxe4 19. c3 e6 20. Rfd1 Bd5 21. Bf3 Bxf3 22. gxf3 Be5 23. Rd7 Rc4 24. Kg2 Bf4 25. Rb7 Rc5 26. h4 Rf5 27. Bb6 Kg7 28. Be3 Rc8 29. Rb6 Rc4 30. Rd4 Rxd4 31. cxd4 Bc7 32. Rxa6 Bd8 33. Rc6 Bxh4 34. Rc5 Be7 35. Rc7 Bd6 36. Rd7 Rd5 37. Rb7 g5 38. Bd2 Kg6 39. Bb4 Bxb4 40. axb4 h5 41. Rb8 Kf5 42. Rb7 f6 43. Kf1 h4 44. Ke2 Kf4 45. b3 h3 46. Rh7 Rxd4 47. Rxh3 Rxb4 48. Rh6 Kf5 49. Rh7 Rxb3 50. Rb7 Kf4 51. Rf7 Rb2+ 52. Ke1 f5 0-1

[Event "Manchester op"]
[Site "Bolton"]
[Date "2023.08.20"]
[Round "5"]
[White "Ridge, Michael"]
[Black "Gordon, Sean"]
[Result "0-1"]
[WhiteElo "1789"]
[BlackElo "1894"]
[PlyCount "78"]
[EventDate "2023.08.18"]
[EventType "swiss"]
[EventRounds "5"]
[EventCountry "ENG"]
[SourceTitle "CBM 215 Extra"]
[Source "ChessBase"]
[SourceDate "2023.09.30"]
[SourceVersion "1"]
[SourceVersionDate "2023.09.30"]
[SourceQuality "1"]

1. e4 c5 2. d4 cxd4 3. c3 Nf6 4. e5 Nd5 5. Nf3 Nc6 6. Bc4 Nb6 7. Bb3 d5 8. exd6 Qxd6 9. 0-0 dxc3 10. Nxc3 Qxd1 11. Rxd1 Bg4 12. Nb5 Rc8 13. Re1 e6 14. Nxa7 Nxa7 15. Be3 Bc5 16. Ne5 Bf5 17. g4 Bg6 18. Nxg6 hxg6 19. Bxe6 fxe6 20. Bxc5 Rxc5 21. Rxe6+ Kf7 22. Rxb6 Rb5 23. Rxb5 Nxb5 24. Rc1 Re8 25. Rc4 Nd6 26. Rb4 Re4 27. Rxe4 Nxe4 28. Kg2 Nc5 29. b4 Nd3 30. a3 b5 31. Kf3 Ne5+ 32. Kf4 Nc4 33. Ke4 Nxa3 34. Kd4 g5 35. f4 gxf4 36. h4 Nc2+ 37. Ke4 Nxb4 38. Kxf4 Nc6 39. g5 Kg6 0-1

[Event "Daventry 4NCL op-A 30th"]
[Site "Daventry"]
[Date "2023.06.17"]
[Round "3"]
[White "Gordon, Sean"]
[Black "Mason, Donald"]
[Result "1/2-1/2"]
[WhiteElo "1812"]
[BlackElo "2052"]
[PlyCount "92"]
[EventDate "2023.06.16"]
[EventType "swiss"]
[EventRounds "5"]
[EventCountry "ENG"]
[SourceTitle "CBM 214 Extra"]
[Source "ChessBase"]
[SourceDate "2023.07.31"]
[SourceVersion "1"]
[SourceVersionDate "2023.07.31"]
[SourceQuality "1"]

1. Nf3 Nf6 2. g3 g6 3. b3 Bg7 4. Bb2 0-0 5. Bg2 d6 6. d4 e5 7. dxe5 Ng4 8. 0-0 Nc6 9. Qd2 Ngxe5 10. Nxe5 Nxe5 11. c4 a5 12. Nc3 a4 13. Nb5 Qe7 14. f4 Ng4 15. Bxg7 Kxg7 16. e4 f6 17. Rae1 Be6 18. Nd4 Bd7 19. Bh3 h5 20. Bg2 axb3 21. axb3 Ra7 22. h3 Nh6 23. Ra1 Rfa8 24. Qb2 Rxa1 25. Rxa1 Rxa1+ 26. Qxa1 c5 27. Ne2 Bc6 28. Nc3 Nf7 29. Kf2 Kh7 30. Qa5 h4 31. Nd5 hxg3+ 32. Kxg3 Bxd5 33. cxd5 g5 34. Qd2 b5 35. Bf1 gxf4+ 36. Qxf4 Ng5 37. Bxb5 Qxe4 38. Qxe4+ Nxe4+ 39. Kf4 Nd2 40. Bd3+ Kg7 41. Bc2 Nf1 42. h4 Kh6 43. Bd1 Kg6 44. Be2 Nd2 45. Bd1 Nf1 46. Be2 Nd2 1/2-1/2

[Event "Daventry 4NCL op-A 30th"]
[Site "Daventry"]
[Date "2023.06.16"]
[Round "1"]
[White "Gordon, Sean"]
[Black "Sooraj, Menothuparam Raju"]
[Result "0-1"]
[WhiteElo "1812"]
[BlackElo "1836"]
[PlyCount "58"]
[EventDate "2023.06.16"]
[EventType "swiss"]
[EventRounds "5"]
[EventCountry "ENG"]
[SourceTitle "CBM 214 Extra"]
[Source "ChessBase"]
[SourceDate "2023.07.31"]
[SourceVersion "1"]
[SourceVersionDate "2023.07.31"]
[SourceQuality "1"]

1. Nf3 b6 2. e4 Bb7 3. d4 Bxe4 4. Nc3 Bb7 5. Bf4 e6 6. Be2 Bb4 7. 0-0 Bxc3 8. bxc3 Nf6 9. Re1 d6 10. Bd3 Nbd7 11. a4 a5 12. h4 h6 13. c4 Qe7 14. Rb1 0-0-0 15. Qe2 g5 16. hxg5 hxg5 17. Nxg5 Rdg8 18. Bd2 Rh4 19. d5 Rgh8 20. f3 Ne5 21. dxe6 fxe6 22. Kf2 Bxf3 23. Nxf3 Neg4+ 24. Kf1 Rh1+ 25. Ng1 Nh2+ 26. Kf2 Nfg4+ 27. Kg3 Qh4+ 28. Kf4 Rf8+ 29. Ke4 Nf2+ 0-1